000 00532nam a2200193Ia 4500
005 20250326141944.0
008 250326s9999 xx 000 0 und d
037 _aTextbook
040 _aFMSL
_beng
_cFMSL
041 _aeng
_2eng
084 _qFMSL
100 _aGupta B M
_9483393
245 0 _aHandbook of Libraries Archives & Information centres in India
_cGupta B M
260 _aNew Delhi
_bNew Delhi, Information Industry
_c1987
300 _a336p
490 _vVol 4
942 _cTB
999 _c1292774
_d1292774